000 00542nam a2200205Ia 4500
005 20260429112315.0
008 260429s9999||||xx |||||||||||||| ||und||
020 _a9788119497362
041 _aEnglish
082 _a540
_bSHA
100 _aMukesh, Sharma
245 0 _aUGC/NET/JRF/SET/chemistry, Vol. 1 /
_cSharma Mukesh
260 _aJaipur :
_bParadise Publishers,
_c2026.
300 _a232 p.; hb
440 _vVol. 1
650 _a Competitive examinations
650 _a UGC NET chemistry
650 _aChemistry
942 _cTB
999 _c53408
_d53408